| 000 | 00606nam a22001817a 4500 | ||
|---|---|---|---|
| 999 |
_c61366 _d61366 |
||
| 005 | 20240226103516.0 | ||
| 008 | 240226s1998 tu ||||| |||| 00| 0 tur d | ||
| 020 | _a975110694x | ||
| 041 | _atur | ||
| 080 | _a821.512.164 C-38 | ||
| 100 |
_aÇelebioğlu, Amil _921284 |
||
| 245 |
_aEski turk edebiyatı araştırmalari / _cAmil Çelebioğlu. |
||
| 264 |
_aIstanbul: _bMilli Egitim Basimevi, _c1998. |
||
| 300 |
_a789 p.; _b24 cm. |
||
| 440 |
_aaraştırma inceleme dizisi _921285 |
||
| 653 | _aძველი თურქული ლიტერატურის კვლევა | ||
| 942 |
_2udc _cBK |
||